<?xml version="1.0" encoding="UTF-8"?>
<record
    xmlns:xsi="http://www.w3.org/2001/XMLSchema-instance"
    xsi:schemaLocation="http://www.loc.gov/MARC21/slim http://www.loc.gov/standards/marcxml/schema/MARC21slim.xsd"
    xmlns="http://www.loc.gov/MARC21/slim">

  <leader>00586    a2200133   4500</leader>
  <datafield tag="082" ind1=" " ind2=" ">
    <subfield code="a">-</subfield>
  </datafield>
  <datafield tag="100" ind1=" " ind2=" ">
    <subfield code="a">Shahnawaz Janjua</subfield>
    <subfield code="9">93357</subfield>
  </datafield>
  <datafield tag="245" ind1=" " ind2=" ">
    <subfield code="a">Design and FPGA based implementation of barker demodulation block and CCK correlator block for DSSS technique in IEEE 802.11g</subfield>
    <subfield code="c">Shahnawaz Janjua</subfield>
  </datafield>
  <datafield tag="260" ind1=" " ind2=" ">
    <subfield code="a">Islamabad :</subfield>
    <subfield code="b">NUST School of Electrical Engineering &amp; Computer Science,</subfield>
    <subfield code="c">2009.</subfield>
  </datafield>
  <datafield tag="300" ind1=" " ind2=" ">
    <subfield code="a">106 p. :</subfield>
    <subfield code="b">ill. ;</subfield>
    <subfield code="c">27 cm +</subfield>
    <subfield code="e">CD-ROM</subfield>
  </datafield>
  <datafield tag="500" ind1=" " ind2=" ">
    <subfield code="a">Supervisors : Dr. N D Gohar, Mr. Bilal Saqib.</subfield>
  </datafield>
  <datafield tag="856" ind1=" " ind2=" ">
    <subfield code="u"> http://10.250.8.41:8080/xmlui/handle/123456789/29685</subfield>
  </datafield>
  <datafield tag="942" ind1=" " ind2=" ">
    <subfield code="c">PR</subfield>
    <subfield code="k">BICSE-3 SHA</subfield>
    <subfield code="2">ddc</subfield>
  </datafield>
  <datafield tag="999" ind1=" " ind2=" ">
    <subfield code="c">10031</subfield>
    <subfield code="d">10031</subfield>
  </datafield>
  <datafield tag="952" ind1=" " ind2=" ">
    <subfield code="0">2</subfield>
    <subfield code="1">0</subfield>
    <subfield code="4">0</subfield>
    <subfield code="7">0</subfield>
    <subfield code="a">CL</subfield>
    <subfield code="b">CL</subfield>
    <subfield code="d">2022-07-04</subfield>
    <subfield code="o">BICSE-3 SHA</subfield>
    <subfield code="p">SEECSP00796</subfield>
    <subfield code="r">2012-11-14</subfield>
    <subfield code="w">2012-11-14</subfield>
    <subfield code="y">PR</subfield>
  </datafield>
</record>
